KOHA-Header-6

A Tale Of Two Cities (Record no. 6377)

000 -LEADER
fixed length control field 00240nam a2200109Ia 4500
020 ## - INTERNATIONAL STANDARD BOOK NUMBER
ISBN 0-14-062078-8
100 ## - MAIN ENTRY--AUTHOR NAME
Personal name Charles Dickens
245 #2 - TITLE STATEMENT
Title A Tale Of Two Cities
260 ## - PUBLICATION, DISTRIBUTION, ETC. (IMPRINT)
Place of publication Canada
Name of publisher Tata McGraw Hill
Year of publication 2006
300 ## - PHYSICAL DESCRIPTION
Number of Pages 253
942 ## - ADDED ENTRY ELEMENTS (KOHA)
Koha item type Books
Holdings
Withdrawn status Lost status Collection code Permanent Location Current Location Shelving location Date acquired Full call number Accession Number Koha item type
      MAJU MAJU Shelf No.A23 2019-09-07 823.8 5599 English Literature

Powered by Koha